| 000 | 00691nam a2200193Ia 4500 | ||
|---|---|---|---|
| 008 | 160319s9999 xx 000 0 und d | ||
| 245 | _aBee smart baby vocabulary builder / | ||
| 245 | _cproduced by Baby BumbleBee in conjunction with CVP Communications. | ||
| 260 | _bEducational Products for Infancy Inc. | ||
| 260 | _c2002 | ||
| 300 | _a1 videodisc (195 min.) : | ||
| 300 | _bsound, colored ; | ||
| 300 | _c4 3/4 in. | ||
| 500 | _aSpecial features: Auto play and inateractive play options ; vocabulary builder questions ; additional interactive games. | ||
| 650 | _aLanguage arts (Preschool) | ||
| 650 | _aVocabulary -- | ||
| 650 | _aVocabulary. | ||
| 650 | _xJuvenile films. | ||
| 999 |
_c292732 _d292732 |
||